| 000 | 01693ngm a22003130a 4500 | ||
|---|---|---|---|
| 001 | PT47155 | ||
| 003 | AR-LpoUNG | ||
| 005 | 20210202000004.0 | ||
| 007 | vd cvaizq | ||
| 008 | 191001s2010||||ag |||||||||||||||||spa d | ||
| 037 | _c$5 | ||
| 040 |
_aAR-LpoUNG _bspa _cAR-LpoUNG _eaacr |
||
| 041 |
_aspa _ajpn |
||
| 044 | _aag | ||
| 082 | 0 | _a808.068 685via | |
| 100 | 1 |
_aMiyazaki, Hayao _edir. |
|
| 245 | 1 | 3 | _aEl viaje de Chihiro |
| 260 |
_aBuenos Aires : _bSBP, _c2010. |
||
| 300 | _aDVD (124 min.) : son., col. | ||
| 505 | 0 | _aHecha en 2001. Música: Joe Hisaishi, Yumi Kimura. Fotografía: Atshushi Okui. | |
| 520 | _aChihiro es una niña de diez años caprichosa y testaruda que cree que el universo entero debe someterse a sus deseos. Cuando sus padres, Akio y Yugo, le dicen que tienen que cambiar de casa, se enfurece sin ocultar sus sentimientos. Rumbo a su nuevo hogar, la familia se equivoca de camino y aparece al final de un misterioso callejón sin salida. Allí se yergue un edificio rojo con un interminable túnel en el centro que conduce a un pueblo fantasmal donde les espera un magnífico banquete. Akio y Yugo se lanzan sobre la comida. Chihiro mira a sus padres, que siguen devorando plato tras plato, cuando de repente son transformados en cerdos. Sin querer ha entrado en un mundo habitado por dioses antiguos y seres mágicos, dominado por la diabólica Yubaba, una arpía hechicera, quien le explica a Chihiro que a los instrusos los ha transformados en animales y después los matan para comerlos. | ||
| 653 | _aANIMACION | ||
| 653 | _aAVENTURA | ||
| 653 | _aDVD | ||
| 653 | _aVIDEOS | ||
| 653 | _aVIDEOS INFANTILES | ||
| 905 | _a47155 | ||
| 942 | _cDVD | ||
| 999 |
_c53917 _d53917 |
||